|
|
|
|
| LEADER |
00671nas a2200181 i 4500 |
| 001 |
acta72686 |
| 005 |
20210915101414.0 |
| 008 |
210429s2020 hu o 0|| eng d |
| 022 |
|
|
|a 2063-5540
|
| 040 |
|
|
|a SZTE Egyetemi Kiadványok Repozitórium
|b hun
|
| 041 |
|
|
|a eng
|
| 245 |
0 |
0 |
|a Forum
|h [elektronikus dokumentum] :
|b publicationes doctorandorum juridicorum - X. évfolyam
|
| 260 |
|
|
|c 2020
|
| 300 |
|
|
|a 232
|
| 490 |
0 |
|
|a Acta Universitatis Szegediensis : forum : publicationes doctorandorum juridicorum
|v 10
|
| 695 |
|
|
|a Jogtudomány - tanulmányok
|
| 700 |
0 |
2 |
|a Homoki-Nagy Mária
|
| 856 |
4 |
0 |
|u http://acta.bibl.u-szeged.hu/72686/1/forum_doctorandorum_2020.pdf
|z Dokumentum-elérés
|